00526 2200181 4500001002100000005001700021008004100038035002900079090001400108100002400122245006700146250001000213260004200223300002700265650002100292700001600313990001500329INLIS00000000002277720141002141719.0  a##a0010-101400000000046 a917 Ste g aStephen S. Birdsall aGaris Besar Geografi AmerikabLanskap Regional Amerika Serikat aCet 1 aAmerikabJohn Wiley & Son, Inc.c1992 a194 hlm ; 21 cm ; Ilus aGeografi Amerika aJohn Florin a239/w/2014